Polyvinyl alcohol : properties and applications /

Guardado en:
Autor Principal: Finch, C. A., (Editor )
Formato: Libro
Idioma:English
Publicado: London : Wiley, c1973.
Materias:
Acceso en línea:Descripción
Tabla de contenido
Etiquetas: Agregar Etiqueta
Sin Etiquetas, Sea el primero en etiquetar este registro!
LEADER 01030cam a22002655a 4500
001 EIQ.libpla000978
008 730727s1973####enka#####b####001#0#eng#d
005 20060630172351.0
245 0 0 |a Polyvinyl alcohol :  |b properties and applications /  |c edited by C. A. Finch. 
260 |a London :  |b Wiley,  |c c1973. 
300 |a xviii, 622 p. :  |b il. ;  |c 24 cm. 
500 |a "A Wiley-Interscience Publication". 
504 |a Incluye referencias bibliográficas e índices. 
020 |a 047125892X 
100 1 |a Finch, C. A.,  |e ed.  |4 edt 
082 0 0 |a 668.4/236 
650 4 |a Alcohol polivinílico  |x Usos 
650 4 |a Alcohol polivinílico  |x Propiedades. 
650 4 |a Polyvinyl alcohol  |x Properties. 
650 4 |a Polyvinyl alcohol  |x Uses. 
010 |a  72008599  
040 |a DLC  |c DLC  |d AR-BbSID 
856 4 2 |3 Descripción  |u http://www.loc.gov/catdir/enhancements/fy0608/72008599-d.html 
856 4 1 |3 Tabla de contenido  |u http://www.loc.gov/catdir/enhancements/fy0608/72008599-t.html 
859 |a AR-BbSID  |b BIB. PLAPIQUI  |h 547.843 223 7  |i P 769  |p 660